| 000 | 00746nam a22002657a 4500 | ||
|---|---|---|---|
| 999 |
_c602 _d602 |
||
| 001 | 12973191 | ||
| 003 | GZU | ||
| 005 | 20200908121547.0 | ||
| 008 | 020827s2002 rh a 000 0 sna | ||
| 010 | _a 2002345804 | ||
| 020 | _a0797424016 | ||
| 035 | _a(DLC) 2002345804 | ||
| 040 |
_aDLC _cDLC |
||
| 042 | _alcode | ||
| 050 | 0 | 0 | _aPL8681 MOY 2003 |
| 100 | 1 |
_aMoyo, Aaron C., _d1950- |
|
| 245 | 1 | 0 |
_aChemera mudundundu / _cAaron Chiundura Moyo. |
| 260 |
_aKopje, Harare : _bPriority Projects Pub., _cc2002. |
||
| 300 |
_a152 p. : _bill. ; _c21 cm. |
||
| 520 | _aA novel. | ||
| 546 | _aIn Shona. | ||
| 906 |
_a7 _bcbc _corigode _d3 _encip _f20 _gy-gencatlg |
||
| 942 |
_cBK _h8681 _iMOY _kPL |
||